European countries which had colonies - Statistics

General Stats
  • This quiz has been taken 229 times
  • The average score is 14 of 15
Answer Stats
Countries % Correct
UK
100%
Russia
99%
Spain
99%
France
98%
Italy
98%
Portugal
98%
Germany
97%
Netherlands
97%
Sweden
97%
Belgium
96%
Denmark
96%
Norway
96%
Austria
89%
Poland-Lithuania
83%
Turkey (Ottomans)
75%
No matching quizzes found
Score Distribution
Percent of People with Each Score
Percentile by Number Answered
Your Score History
You have not taken this quiz